Необычная жизнь Квинта Корнелия Сизенны. Кн. 1: От Рима до Иберии (Запись № 13497274)

Подробности
000 -МАРКЕР
контрольное поле 01547nam2a2200277 4500
001 - ИДЕНТИФИКАТОР ЗАПИСИ
контрольное поле RU\NLR\BIBL_A\022632804
005 - ИДЕНТИФИКАТОР ВЕРСИИ
контрольное поле 20251212111124.0
010 ## - МЕЖДУНАРОДНЫЙ СТАНДАРТНЫЙ НОМЕР КНИГИ (ISBN)
Номер (ISBN) 978-5-00227-540-3
Тираж 500
021 ## - НОМЕР ГОСУДАРСТВЕННОЙ РЕГИСТРАЦИИ
Код страны Российская Федерация
Номер КН-П-25-048858
Номер Листа государственной регистраци КН-П-25-4726
035 ## - ДРУГИЕ СИСТЕМНЫЕ НОМЕРА
Идентификатор записи (NLR Aleph) 022632804
100 ## - ДАННЫЕ ОБЩЕЙ ОБРАБОТКИ
Данные общей обработки 20250929d2025 u y0rusy50 ca
101 0# - ЯЗЫК РЕСУРСА
Язык текста, звукозаписи и т.д. русский
102 ## - СТРАНА ПУБЛИКАЦИИ ИЛИ ПРОИЗВОДСТВА
Страна публикации Российская Федерация
105 ## - ПОЛЕ КОДИРОВАННЫХ ДАННЫХ: ТЕКСТОВЫЕ МАТЕРИАЛЫ, МОНОГРАФИЧЕСКИЕ
Кодированные данные о монографическом текстовом документе ac z 000ay
200 1# - ЗАГЛАВИЕ И СВЕДЕНИЯ ОБ ОТВЕТСТВЕННОСТИ
Основное заглавие От Рима до Иберии
Сведения, относящиеся к заглавию (Рим - Карфаген - Ближняя и Дальняя Испания)
210 ## - ПУБЛИКАЦИЯ, РАСПРОСТРАНЕНИЕ И ДР.
Дата издания, распространения и т.д. 2025
215 ## - ФИЗИЧЕСКАЯ ХАРАКТЕРИСТИКА
Специфическое обозначение материала и объем 270 с.
Другие сведения о физической характеристике ил., портр., табл.
309 ## - ПРИМЕЧАНИЯ ОБ ОСНОВНОМ ИСТОЧНИКЕ ИНФОРМАЦИИ И ОБ ОСОБЕННОСТЯХ ПОЛИГРАФИЧЕСКОГО ОФОРМЛЕНИЯ ИЗДАНИЯ
Текст примечания На обл.: Т. 1
320 ## - ПРИМЕЧАНИЯ О НАЛИЧИИ В ДОКУМЕНТЕ БИБЛИОГРАФИИ / УКАЗАТЕЛЯ
Текст примечания Библиогр.: с. 263-264
320 ## - ПРИМЕЧАНИЯ О НАЛИЧИИ В ДОКУМЕНТЕ БИБЛИОГРАФИИ / УКАЗАТЕЛЯ
Текст примечания Др. кн. авт.: с. 270
461 #0 - УРОВЕНЬ НАБОРА
Встроенное поле 001RU\NLR\BIBL_A\022632800
-- 2001#$aНеобычная жизнь Квинта Корнелия Сизенны$e(историко-философско-приключенческий роман)$fкандидат исторических наук Ашрафьян К. Э.$vКн. 1
-- 700#1$aАшрафьян$bК. Э.$gКонстантин Эдуардович
Системный номер (АБИС) связанной записи 13497273
Автор Ашрафьян, К. Э.
Место публикации Москва
Дата публикации 2025-
Первые сведения об ответственности кандидат исторических наук Ашрафьян К. Э.
Имя издателя, распространителя и т.д. Сам Полиграфист
Сведения, относящиеся к заглавию (историко-философско-приключенческий роман)
Заглавие Необычная жизнь Квинта Корнелия Сизенны
Номер тома Кн. 1
942 ## - ДОПОЛНИТЕЛЬНЫЕ ЭЛЕМЕНТЫ ЗАПИСИ (АБИС)
Тип экземпляра АБИС Книга
980 ## - КОЛЛЕКЦИЯ
Название коллекции Национальная библиография

Нет доступных экземпляров.